=LDR 00000nam 2200000 4500 =001 INLIS000000000024900 =005 20130612123442 =008 ***********************************ind** =035 ##$$0010-061300000024900 =041 ##$$a ind =082 ##$$a 499.232 5 =090 ##$$a 499.232 5, SOB v =100 ##$$a Sobarna, Cece =245 ##$$a Verba berkomplemen di dalam Bahasa Sunda, Cece Subarna [at.al.] =260 ##$$a 2002 $b Jakarta =300 ##$$a xiii, 101 hlm., 21 cm =650 ##$$a Bahasa Sunda =650 ##$$a Verba =700 ##$$a Djajasudarma, T.Fatimah =850 ##$$a NBPNMAT